000 00569nam a2200205Ia 4500
003 GCL
008 140319s9999 xx 000 0 eng d
040 _aGCL /
_cGCL
082 0 4 _a651.3
_bB O
100 1 _aBAKER, KIM
245 1 0 _aOFFICE ON THE GO: TOOLS, TIPS AND TECHNIQUES FOR EVERY BUSINESS TRAVELER /
_cBAKER, KIM
700 1 _aBAKER, SUNNY
260 _a[S.N] :
_bPRENTICE HALL ،
_c1993
300 _a324 P
650 0 4 _aELECTRONIC OFFICE MACHINE
650 0 4 _aPORTABLE COMPUTER
650 0 4 _aOFFICE EQUIPMENT
650 0 4 _aBUSINESS
942 _2ddc
_cBK
999 _c20087
_d20087